Máchův kraj /
Uložené v:
| Hlavný autor: | |
|---|---|
| Médium: | Kniha |
| Jazyk: | Czech |
| Vydané: |
Praha :
Sportovní a turistické nakladatelství,
1961.
|
| Vydanie: | 1. vyd. |
| Edícia: | Turistický průvodcě ČSSR
sv. 14 |
| ISBN: |
(viaz.) |
| Fyzický popis: |
196 s.+ : mp 1. príl. |
| Tagy: |
Pridať tag
Žiadne tagy, Buďte prvý kto otaguje tento záznam!
|
Titul je dostupný aj v ... 

MARC
| LEADER | 00000nam a22000004a 4500 | ||
|---|---|---|---|
| 001 | 000429673 | ||
| 005 | 20130728180105.0 | ||
| 008 | 130728s1961 xr e 000 0 cze d | ||
| 020 | |a (viaz.) |c Kčs 15,60 | ||
| 040 | |a SVKKK |b slo |c SVKKK |e AACR2 | ||
| 041 | 0 | |a cze | |
| 044 | |a xr |c CZ | ||
| 245 | 0 | 0 | |a Máchův kraj / |c František Patočka ... [et al.]. |
| 250 | |a 1. vyd. | ||
| 260 | |a Praha : |b Sportovní a turistické nakladatelství, |c 1961. | ||
| 300 | |a 196 s.+ : |b mp |e 1. príl. | ||
| 490 | 1 | |a Turistický průvodcě ČSSR |v sv. 14 | |
| 700 | 1 | |a Patočka, František, |d 1909-1996 |4 aut | |
| 830 | 0 | |a Turistický průvodcě ČSSR |v sv. 14 | |
| 910 | |a svkkk | ||
| 998 | |a BK | ||
| 090 | |g SCKHL |k Sklad Hlavná 10 suterén |a I.21163 |j 281842 |i 2720423436 |s Absenčne | ||
| 090 | |g SCKHL |k Sklad Pribinova prízemie |a I.16541 |j 287388 |i 2720388344 |s Absenčne | ||